Responses for Show #3026 - Monday, October 27, 1997

Contestants

[<< previous game]

Barbara Von Pagel, a reservations agent from Seattle, Washington

David Morgenstern, a lawyer from Chicago, Illinois

Steve Norton, a reporter from Washington, D.C. (whose 1-day cash winnings total $7,200)

[next game >>]

Jeopardy! Round responses

THE REVOLUTIONARY WAR
(Alex: Ours, of course!)
AMERICAN FOOD
BROTHERLY ROCK
TAKE IN ORDER
(Alex: You have to take the clues in this category in order.)
NOTED SCRIBES
CELEBRITY RHYME TIME
    $100 1
Minutemen

David
    $100 2
barbeque

Barbara
    $100 11
The Allman Brothers

Barbara
    $100 13
an appendix

David
    $100 21
F. Scott Fitzgerald

Steve
    $100 15
Sonny's bunnies

Barbara
    $200 4
Nathan Hale

Steve
    $200 3
peanut butter

David
    $200 12
Van Halen

David
    $200 14
a worm

Triple Stumper
    $200 22
Ernest Hemingway

Barbara
    $200 16
Fran's fans

Barbara
    $300 5
Yorktown

Barbara
    $300 6
Wonder Bread

Barbara
    $300 20
The Jackson 5

Steve
    $300 25
(Alex: With almost one minute left in the round.)

Germany

Barbara
    $300 27
Ray Bradbury

David
    $300 17
Clint's mints

Barbara
    $400 8
the Stamp Act

Steve
    $400 7
Jelly Roll (Morton)

Steve
    $500 23
Hanson

Barbara
    $400 26
(Barbara: What is the Mediterranean?)
(David: What is the North Sea?)

the Black Sea

SteveDavidBarbara
    $400 28
E.B. White

Steve
    $400 18
White's tights

Barbara
    $500 9
(Steve: Who was William Pitt?)

Lord North

Steve
Triple Stumper
    $500 10
chili

Steve
    $500 24
INXS

Barbara
    $500 30
South Carolina

David
    $500 29
New Hampshire

David
    $500 19
(Alex: Well done--obviously a young woman who enjoys playing word games!)

Billy's fillies

Barbara

Scores at the first commercial break (after clue 14):

Steve David Barbara
$1,000 $600 $800

Scores at the end of the Jeopardy! Round:

Steve David Barbara
$2,200 $1,500 $3,400

Double Jeopardy! Round responses

RESEARCH
SCIENTISTS
EROTIC THRILLERS
HISPANIC AMERICANS
U.S. BODIES OF WATER
3-LETTER WORDS
    $200 21
Robert Ripley

Barbara
    $200 7
atoms

Barbara
    $200 1
Sharon Stone

Barbara
    $200 3
Cesar Chavez

Barbara
    $200 8
(Steve: What is Saranac?)

Lake Placid

Steve
Triple Stumper
    $200 15
apt (or apt. for "apartment")

David
    $400 26
the Internet

Steve
    $400 12
the kaleidoscope

Barbara
    $400 2
Body Heat

David
    $400 6
Joan Baez

Steve
    $400 9
Snake River

Barbara
    $400 18
(Barbara: What is an amp?)

ohm

SteveBarbara
    $600 28
(Barbara: What is the Library of Congress?)
[The end-of-round signal sounds.]

the National Archives

SteveBarbara
    $600 19
wheat

David
    $600 4
Shannen Doherty

Barbara
    $600 16
U.S. Ambassador to the U.N.

David
    $600 10
Prudhoe Bay

Steve
    $600 20
emu

Steve
    $800 24
Jethro Tull

Barbara
    $800 5
Seduction

David
    $1,500 17
Daisy Fuentes

David
    $800 11
(Barbara: What is Lake Michigan?)
(David: What is Lake Erie?)

Mobile Bay

SteveDavidBarbara
    $800 22
rue

Barbara
    $1000 25
Hans Christian Gram

Triple Stumper
    $1000 13
Tattoo

Triple Stumper
    $1000 27
(Barbara: Who is Edward Furillo?)

Edward James Olmos

DavidBarbara
    $600 14
(Barbara: What is Lake Pontchartrain?)

Lake Okeechobee

Barbara
    $1000 23
(Alex: We have about a minute left.)

goo

Steve

Scores at the end of the Double Jeopardy! Round:

Steve David Barbara
$6,800 $5,800 $3,800

[wagering suggestions for these scores]

Final Jeopardy! Round responses

FAMOUS BUILDINGS
(Alex: Like the one we're in!)
(Alex: Shakespeare's Globe Theatre in London; Wanamaker died before he could see the rebuilding completed.)
BarbaraWhat is St. Paul's Cathedral?
$3,790
DavidWhat is the Globe Theatre?
$4,200
SteveWhat is St. James Cath.
$3,300
The Globe Theatre

Final scores:

Steve David Barbara
$3,500 $10,000 $10
2nd place: Zenith 35" Big Screen Color TV & Klipsch Epic Series Speakers New champion: $10,000 3rd place: Trip for Two on Amtrak

Game dynamics:

Coryat scores:

Steve David Barbara
$6,800 $5,100 $4,300
16 R,
2 W
14 R
(including 1 DD),
2 W
22 R
(including 1 DD),
6 W
(including 1 DD)

Combined Coryat: $16,200

[game clues] [game scores] [suggest correction]

Game tape date: Unknown
The J! Archive is created by fans, for fans. Scraping, republication, monetization, and malicious use prohibited; this site may use cookies and collect identifying information. See terms. The Jeopardy! game show and all elements thereof, including but not limited to copyright and trademark thereto, are the property of Jeopardy Productions, Inc. and are protected under law. This website is not affiliated with, sponsored by, or operated by Jeopardy Productions, Inc. Join the discussion at JBoard.tv.